[Event "PRO League Group Stage"]
[Site "chess.com INT"]
[Date "2019.01.16"]
[Round "2"]
[White "Dreev, Aleksey"]
[Black "Li, Chao b"]
[Result "1/2-1/2"]
[WhiteTitle "GM"]
[BlackTitle "GM"]
[WhiteElo "2670"]
[BlackElo "2699"]
[WhiteTeam "San Diego Surfers"]
[BlackTeam "Chengdu Pandas"]
[WhiteFideId "4100107"]
[BlackFideId "8604436"]
[EventDate "2019.01.08"]

1. d4 d5 2. c4 dxc4 3. Nf3 a6 4. e3 b5 5. a4 Bb7 6. axb5 axb5 7. Rxa8 Bxa8 8. b3
e6 9. bxc4 bxc4 10. Bxc4 Bd6 11. Ba3 Nf6 12. Qa4+ Nbd7 13. Bxd6 cxd6 14. Nbd2
O-O 15. Qa3 Qc7 16. O-O Bxf3 17. gxf3 Nb6 18. Bd3 Rc8 19. Rb1 g6 20. Qa5 Nfd5
21. Be4 Qc6 22. Qb5 f5 23. Qxc6 Rxc6 24. Bd3 Kg7 25. f4 Kf6 26. Kf1 h6 27. h4 g5
28. hxg5+ hxg5 29. fxg5+ Kxg5 30. Nf3+ Kf6 31. Ne1 e5 32. dxe5+ dxe5 33. e4 Nc3
34. Rc1 fxe4 35. Bxe4 Rc8 36. Bb7 Rc7 37. Bg2 Nba4 38. Nf3 Rd7 39. Ng1 Rd2 40.
Nf3 Ra2 41. Ne1 e4 42. Nc2 Ke5 43. Ne3 Kf4 44. Bh3 Rd2 45. Bg2 Rd3 46. Bh3 Ke5
47. Bg2 Nc5 48. Nc4+ Kd4 49. Nd6 Nb3 50. Re1 Nd2+ 51. Kg1 Nf3+ 52. Bxf3 Rxf3 53.
Re3 Rf4 54. Kg2 Rf8 55. Rxc3 Kxc3 56. Nxe4+ Kd4 57. Ng3 Ke5 58. Kg1 Kf4 59. Kg2
Rg8 60. Kf1 Kf3 61. Ne2 Rd8 62. Ng1+ Kg4 63. Kg2 Rd2 64. Nf3 Ra2 65. Ne5+ Kf4
66. Nf3 Ra5 67. Ne1 Ra3 68. Kf1 Ke4 69. Kg2 Ra1 70. Nf3 Ra2 71. Ne1 Ra1 72. Nf3
Kd3 73. Ne5+ Ke2 74. Ng4 Ra8 75. Kg3 Rg8 76. f4 Rf8 77. Ne5 Ke3 78. Ng4+ Ke4 79.
Nf2+ Kf5 80. Kf3 Rh8 81. Ne4 Rh2 82. Ng3+ Kg6 83. Ke3 Ra2 84. Kf3 Kf6 85. Ne4+
Ke6 86. Ng3 Kd5 87. Kg4 Ra8 88. Kf3 Rg8 89. Nf5 Ke6 90. Nd4+ Kf6 91. Ne2 Rc8 92.
Ke4 Rc2 93. Kf3 Ra2 94. Nd4 Ra3+ 95. Ke4 Ra4 96. Ke3 Kg6 97. Ke4 Kh5 98. Ke5 Kg4
99. Ne6 Ra5+ 100. Kf6 Rd5 101. Kg6 Rf5 102. Ng7 Rxf4 103. Ne6 Rf5 104. Ng7 Rg5+
105. Kf6 Rd5 106. Ne6 Ra5 107. Ng7 Kf4 108. Ne6+ Ke3 109. Ng5 Kd4 110. Ne6+ Kd5
111. Ng5 Ra6+ 112. Kf5 Ra1 113. Kf4 Kd4 114. Nf3+ Kd5 115. Ng5 Rf1+ 116. Nf3 Kc4
117. Ke3 Kc3 118. Ke4 Rh1 119. Ke3 Rh8 120. Ke4 Rf8 121. Ne5 Kd2 122. Nf3+ Ke2
123. Nd4+ Kf2 124. Nf5 Kg2 125. Kf4 Kh3 126. Kg5 Rg8+ 127. Kf4 Ra8 128. Nd4 Ra5
129. Nf5 Ra4+ 130. Ke5 Kg4 131. Nd4 Kg5 132. Ne6+ Kg6 133. Nd4 Ra5+ 134. Ke6
Ra6+ 135. Ke5 Ra1 136. Ke4 Re1+ 137. Kd5 Kf6 138. Nb5 Re5+ 139. Kc4 Ke6 140.
Nd4+ Kd6 141. Nb5+ Kc6 142. Nd4+ Kb6 143. Nb3 Re4+ 144. Nd4 Ka5 145. Kd5 Rh4
146. Kc5 1/2-1/2

[Event "PRO League Group Stage"]
[Site "chess.com INT"]
[Date "2019.01.16"]
[Round "2"]
[White "Chu, Wei Chao"]
[Black "Kiewra, Keaton"]
[Result "1-0"]
[WhiteTitle "IM"]
[BlackTitle "IM"]
[WhiteElo "2373"]
[BlackElo "2362"]
[WhiteTeam "Chengdu Pandas"]
[BlackTeam "San Diego Surfers"]
[WhiteFideId "8605661"]
[BlackFideId "2019280"]
[EventDate "2019.01.08"]

1. d4 d5 2. Nf3 Nf6 3. g3 Bf5 4. Bg2 e6 5. c4 c6 6. Nbd2 h6 7. O-O Be7 8. Qb3
Qb6 9. c5 Qc7 10. Ne5 O-O 11. Ndf3 b6 12. cxb6 Qxb6 13. Be3 Ng4 14. Nxg4 Bxg4
15. Rfc1 Rc8 16. Rc3 Bxf3 17. Bxf3 Nd7 18. Rac1 Rab8 19. Qa4 Qxb2 20. Qxa7 Rb7
21. Qa6 Nb8 22. Qa8 Rf8 23. Qa4 Bg5 24. Bxg5 hxg5 25. Qc2 Rc8 26. e3 Rb6 27. a4
Qxc2 28. R3xc2 Ra6 29. Ra2 Nd7 30. a5 Rca8 31. Rca1 c5 32. dxc5 Nxc5 33. Be2
R6a7 34. Ra3 Rb8 35. Rc1 Ne4 36. Bd3 Kf8 37. Bxe4 dxe4 38. Rc6 Rba8 39. a6 Ke7
40. g4 Kd7 41. Rb6 Kc7 42. Rab3 f6 43. Rxe6 Rxa6 44. Re7+ Kd6 45. Rbb7 Ra2 46.
Rxg7 Re2 47. Rb6+ Kd5 48. Rxf6 Ra1+ 49. Kg2 Raa2 50. Rxg5+ Kc4 51. Kg3 Re1 52.
Re5 Rg1+ 53. Kh4 Kd3 54. Ref5 Ra8 55. g5 Ke2 56. Kh5 Rh8+ 57. Rh6 Rg8 58. h4 Rg2
59. Rf4 Re8 60. Rhf6 Rg1 61. Kh6 Rb1 62. g6 Rh8+ 63. Kg5 Rb5+ 64. R6f5 1-0

[Event "PRO League Group Stage"]
[Site "chess.com INT"]
[Date "2019.01.16"]
[Round "2"]
[White "Gu, Xiaobing"]
[Black "Bryant, John Daniel"]
[Result "1-0"]
[WhiteTitle "WGM"]
[BlackTitle "IM"]
[WhiteElo "2326"]
[BlackElo "2449"]
[WhiteTeam "Chengdu Pandas"]
[BlackTeam "San Diego Surfers"]
[WhiteFideId "8602611"]
[BlackFideId "2031280"]
[EventDate "2019.01.08"]

1. e4 c5 2. Nf3 d6 3. d4 cxd4 4. Nxd4 Nf6 5. Nc3 a6 6. Bg5 Nbd7 7. Qe2 g6 8.
O-O-O Bg7 9. f4 O-O 10. e5 dxe5 11. fxe5 Qa5 12. Bxf6 exf6 13. e6 Nb6 14. exf7+
Rxf7 15. Kb1 Bd7 16. Nb3 Qf5 17. Qe3 Na4 18. Nxa4 Bxa4 19. Bc4 Rc8 20. Qe6 Qxe6
21. Bxe6 Rc7 22. Rhe1 Kf8 23. Bxf7 Kxf7 24. Nd4 f5 25. b3 Bxd4 26. Rxd4 Bc6 27.
g4 Be4 28. Re2 Ke6 29. h3 Ke5 30. Rd8 Rc3 31. gxf5 gxf5 32. Rd7 Kf4 33. Rxh7 Kf3
34. Kb2 Kxe2 35. Kxc3 f4 36. Re7 Ke3 37. h4 f3 38. Rxe4+ Kxe4 39. Kd2 Kf4 40. h5
Kg3 41. h6 f2 42. h7 f1=Q 43. h8=Q Qf4+ 44. Kc3 Qc7+ 45. Kb2 Kg4 46. Qc3 Qb6 47.
Qc4+ Kf5 48. Kc3 Ke5 49. a4 Qe3+ 50. Kb4 Qb6+ 51. Ka3 Qe3 52. Qc7+ Ke6 53. Qxb7
Qc1+ 54. Kb4 Qd2+ 55. c3 a5+ 56. Kxa5 Qxc3+ 57. Qb4 Qe5+ 58. Ka6 Kd7 59. Qb5+ 1-0

[Event "PRO League Group Stage"]
[Site "chess.com INT"]
[Date "2019.01.16"]
[Round "2"]
[White "Sarana, Alexey"]
[Black "Naroditsky, Daniel"]
[Result "1-0"]
[WhiteTitle "GM"]
[BlackTitle "GM"]
[WhiteElo "2630"]
[BlackElo "2616"]
[WhiteTeam "Australia Kangaroos"]
[BlackTeam "San Francisco Mechanics"]
[WhiteFideId "24133795"]
[BlackFideId "2026961"]
[EventDate "2019.01.08"]

1. d4 Nf6 2. Bg5 Ne4 3. Bf4 Nc6 4. Nd2 Nxd2 5. Qxd2 d5 6. e3 a6 7. Nf3 Bf5 8.
Bd3 Bxd3 9. Qxd3 e6 10. O-O Bd6 11. Bxd6 cxd6 12. Rfc1 O-O 13. c4 dxc4 14. Qxc4
Rc8 15. Qb3 Qd7 16. d5 Ne7 17. dxe6 fxe6 18. e4 Rxc1+ 19. Rxc1 Rc8 20. Rd1 d5
21. exd5 exd5 22. h3 b5 23. Qd3 h6 24. Re1 Nc6 25. Rd1 d4 26. Qa3 Qd5 27. Qxa6
Rd8 28. Qa3 d3 29. Qc3 b4 30. Qb3 Qxb3 31. axb3 Na5 32. Nd2 Rc8 33. Ne4 Rc2 34.
Rxd3 Rxb2 35. Nc5 Rc2 36. Rd8+ Kf7 37. Nd3 Nxb3 38. Nxb4 Rd2 39. Ra8 Rd1+ 40.
Kh2 Rd2 41. Ra7+ Kg6 42. Ra2 Rxa2 43. Nxa2 Kf5 44. Kg3 Nd4 45. Nc3 g5 46. h4 Ne6
47. Nd5 Ng7 48. Ne3+ Kg6 49. Kh3 Ne6 50. Nd5 Nc5 51. f3 Ne6 52. Kg4 Ng7 53. Ne7+
Kf6 54. Ng8+ Kg6 55. h5+ Kh7 56. Nf6+ Kh8 57. g3 Ne6 58. Kf5 Nf8 59. Ng4 Kg7 60.
Ne5 Nh7 61. Nd7 Kf7 62. g4 Kg7 63. Ke6 Kh8 64. Kf7 1-0

[Event "PRO League Group Stage"]
[Site "chess.com INT"]
[Date "2019.01.16"]
[Round "2"]
[White "Smirnov, Anton"]
[Black "Gozzoli, Yannick"]
[Result "1-0"]
[WhiteTitle "GM"]
[BlackTitle "GM"]
[WhiteElo "2569"]
[BlackElo "2630"]
[WhiteTeam "Australia Kangaroos"]
[BlackTeam "San Francisco Mechanics"]
[WhiteFideId "3208923"]
[BlackFideId "616915"]
[EventDate "2019.01.08"]

1. e4 e5 2. Nf3 Nc6 3. Bb5 a6 4. Ba4 Nf6 5. O-O Be7 6. Re1 b5 7. Bb3 d6 8. c3
O-O 9. d4 Bg4 10. Be3 Bh5 11. h3 exd4 12. cxd4 Na5 13. Bc2 c5 14. g4 Bg6 15.
Nbd2 Nd7 16. Rc1 Re8 17. b3 Rc8 18. d5 Bf6 19. Bf4 Ne5 20. Nxe5 dxe5 21. Be3 Bg5
22. Qe2 Nb7 23. Bd3 Bxe3 24. Qxe3 Qa5 25. Rc2 Qb4 26. Rec1 f6 27. Nf3 Rc7 28.
Nh4 Rec8 29. f3 Nd6 30. Bf1 c4 31. bxc4 bxc4 32. a3 Qc5 33. Qxc5 Rxc5 34. Rc3
Kf8 35. Ng2 Be8 36. Ne3 Ba4 37. Nf5 Nxf5 38. gxf5 Bb3 39. Kf2 a5 40. h4 a4 41.
h5 Ke7 42. Ke3 Kd6 43. Kd2 R5c7 44. Be2 h6 45. Bf1 Ba2 46. Be2 Bb3 47. Ke3 Rc5
48. Rb1 R5c7 49. Rb2 Rc5 50. Rd2 R5c7 51. f4 exf4+ 52. Kxf4 Re8 53. Ke3 Rce7 54.
Bf3 Rc8 55. Kd4 Rce8 56. Rg2 Rc8 57. Rg1 Rce8 58. Rg6 Rc7 59. Rc1 Ba2 60. Rg2
Bb3 61. Kc3 Ree7 62. Re1 Ke5 63. Rd2 Red7 64. Bh1 Rd6 65. Rg1 Rdd7 66. Rg3 Rd6
67. Re3 Rdd7 68. Re1 Rd6 69. Ree2 Rc8 70. Rd4 Rc7 71. Red2 Rc8 72. Bg2 Rc7 73.
Bf1 Rc8 74. Be2 Rc7 75. Bxc4 Rc8 76. Kd3 Rb6 77. Bxb3 axb3 78. Rb4 Ra6 79. Rxb3
Ra4 80. Ke2 Rxe4+ 81. Re3 Rxe3+ 82. Kxe3 Kd6 83. a4 Ra8 84. Ra2 Ra5 85. Ke4 Kd7
86. Kd4 Kd6 87. Kc4 Rc5+ 88. Kb4 Rxd5 89. a5 Kc6 90. a6 Rd8 91. a7 Ra8 92. Kc4
Kd6 93. Kb5 Ke5 94. Kb6 Kxf5 95. Rg2 1-0

[Event "PRO League Group Stage"]
[Site "chess.com INT"]
[Date "2019.01.16"]
[Round "2"]
[White "Zierk, Steven"]
[Black "Ly, Moulthun"]
[Result "1-0"]
[WhiteTitle "GM"]
[BlackTitle "GM"]
[WhiteElo "2510"]
[BlackElo "2486"]
[WhiteTeam "San Francisco Mechanics"]
[BlackTeam "Australia Kangaroos"]
[WhiteFideId "2034255"]
[BlackFideId "3204405"]
[EventDate "2019.01.08"]

1. e4 e5 2. Nf3 Nf6 3. Nxe5 d6 4. Nf3 Nxe4 5. d3 Nf6 6. d4 Be7 7. Bd3 O-O 8. h3
c6 9. O-O Na6 10. c3 Nc7 11. Re1 Re8 12. Bf4 Bf8 13. Rxe8 Ncxe8 14. Nbd2 d5 15.
Ne5 Nd6 16. Bg5 Be7 17. Qf3 g6 18. Re1 Bf5 19. Bxf5 Nxf5 20. g4 Nd6 21. Qf4 Nh5
22. Bxe7 Nxf4 23. Bxd8 Rxd8 24. Re3 f6 25. Nd3 Nxd3 26. Rxd3 Kf7 27. f3 Re8 28.
Kf2 Rh8 29. Nf1 h5 30. Re3 hxg4 31. hxg4 Rh1 32. Kg2 Rh8 33. Nd2 g5 34. Re1 Re8
35. Rxe8 Kxe8 36. Nf1 Nc4 37. b3 Na3 38. Ng3 Nb5 39. Ne2 Kf7 40. Kf2 Nd6 41. Ke3
f5 42. gxf5 Nxf5+ 43. Kf2 Ke6 44. Nc1 Nd6 45. Ke3 Nf5+ 46. Kf2 Nd6 47. a4 Kf5
48. Kg3 Ne8 49. Nd3 Nf6 50. Nc5 b6 51. Na6 Ke6 52. Nb4 Kd6 53. Nd3 Ke6 54. Ne5
c5 55. Nc6 g4 56. fxg4 Ne4+ 57. Kf4 Nxc3 58. dxc5 bxc5 59. Nxa7 c4 60. bxc4 dxc4
61. a5 Nd5+ 62. Kf3 Kd6 63. g5 Kc5 64. g6 c3 65. g7 Nf6 66. Ke3 Kb4 67. a6 Ka5
68. Nb5 Kxa6 69. Nxc3 Kb7 70. Kd4 Kc8 71. Ke5 Ng8 72. Ke6 Kd8 73. Ne4 Nh6 74.
Nf6 Kc8 75. Ng4 1-0

[Event "PRO League Group Stage"]
[Site "chess.com INT"]
[Date "2019.01.16"]
[Round "2"]
[White "Ezra, Paul Chambers"]
[Black "Song, Raymond"]
[Result "0-1"]
[WhiteTitle "FM"]
[BlackTitle "FM"]
[WhiteElo "2360"]
[BlackElo "2329"]
[WhiteTeam "San Francisco Mechanics"]
[BlackTeam "Australia Kangaroos"]
[WhiteFideId "20300204"]
[BlackFideId "3203824"]
[EventDate "2019.01.08"]

1. e4 c6 2. d4 d5 3. e5 Bf5 4. Nf3 e6 5. Be2 Ne7 6. O-O Bg6 7. c3 Nd7 8. Na3 a6
9. Nc2 c5 10. dxc5 Nc6 11. b4 Ncxe5 12. Nxe5 Nxe5 13. Nd4 Be7 14. f4 Nc6 15. Be3
O-O 16. Qd2 Bf6 17. Kh1 Re8 18. Rad1 Be4 19. a3 e5 20. Nxc6 bxc6 21. fxe5 Bxe5
22. Bf4 Bxf4 23. Rxf4 Qc7 24. Rdf1 f6 25. c4 Qe5 26. cxd5 Bxd5 27. Bf3 Bxf3 28.
R4xf3 a5 29. Rf5 Qe3 30. Qd7 axb4 31. axb4 Qe4 32. h3 Rad8 33. Qc7 Rd2 34. Qg3
Rd3 35. R5f3 Red8 36. Rxd3 Rxd3 37. Qb8+ Kf7 38. Qc7+ Kg6 39. Kh2 h5 40. Qf4 Qd5
41. Rf2 Rd4 42. Qg3+ Kh7 43. Rf4 Rd2 44. Qf3 Qe5 45. Qg3 Rb2 46. h4 Qe2 47. Qf3
Qxf3 48. Rxf3 Rxb4 49. Kg3 Rc4 50. Rf5 Kg6 51. Rf3 Rxc5 52. Rd3 Rd5 53. Rc3 c5
54. Kf3 Kf5 55. g3 g6 56. Ke3 Kg4 57. Kf2 Kh3 58. Kf3 Rf5+ 59. Ke4 Rf1 60. Kd5
Rg1 61. Rxc5 Rxg3 62. Ke6 Rf3 63. Rc4 g5 64. hxg5 fxg5 65. Ke5 g4 66. Ke4 h4 67.
Rc2 Kg3 68. Rc1 h3 69. Rg1+ Kh4 70. Rh1 Ra3 71. Kf4 g3 72. Re1 h2 73. Re6 Ra4+
74. Kf5 Ra5+ 75. Kf4 h1=Q 76. Rh6+ Rh5 77. Rxh5+ Kxh5 78. Kxg3 Qe4 0-1

[Event "PRO League Group Stage"]
[Site "chess.com INT"]
[Date "2019.01.16"]
[Round "2"]
[White "Yu, Yangyi"]
[Black "Dreev, Aleksey"]
[Result "1/2-1/2"]
[WhiteTitle "GM"]
[BlackTitle "GM"]
[WhiteElo "2764"]
[BlackElo "2670"]
[WhiteTeam "Chengdu Pandas"]
[BlackTeam "San Diego Surfers"]
[WhiteFideId "8603820"]
[BlackFideId "4100107"]
[EventDate "2019.01.08"]

1. d4 d5 2. c4 c6 3. Nf3 Nf6 4. Nc3 e6 5. Bg5 Nbd7 6. e3 Qa5 7. cxd5 Nxd5 8. Rc1
Nxc3 9. bxc3 Ba3 10. Rc2 b6 11. Be2 Ba6 12. O-O Bxe2 13. Rxe2 O-O 14. Qc2 c5 15.
d5 exd5 16. Rd1 d4 17. Be7 Rfe8 18. Ng5 g6 19. exd4 c4 20. Bxa3 Qxa3 21. h3 Re7
22. Rxe7 Qxe7 23. Nf3 b5 24. a4 a6 25. Rb1 Rb8 26. axb5 axb5 27. Qa2 Kg7 28. Qa5
b4 29. Rxb4 Rxb4 30. Qxb4 Qxb4 31. cxb4 Kf6 32. Kf1 Kf5 33. Ke2 Nb6 34. Nd2 Ke6
35. Ne4 Kd5 36. Ke3 Na4 37. Nf6+ Kc6 38. d5+ Kb6 39. d6 Kc6 40. d7 Kc7 41. f4 h5
42. g3 Kd8 43. g4 hxg4 44. hxg4 Kc7 45. Kd4 Nb6 46. b5 Kd8 47. Kc3 Kc7 48. Kb4
Kd8 49. g5 Kc7 50. Kc3 Kd8 51. Kd4 Kc7 52. Ng4 c3 53. Kxc3 Kxd7 54. Ne5+ Ke6 55.
Kd4 Nd5 56. Nd3 Kd6 57. Ne5 Nxf4 58. Nxf7+ Kc7 59. Kc5 Ne6+ 60. Kd5 Nf4+ 61. Kc5
Ne6+ 62. Kd5 Nf4+ 63. Kc4 Ne6 64. Kb4 Kb6 65. Kc4 Kc7 66. Kd5 Nf4+ 67. Ke5 Nh3
68. Kd5 Nf4+ 1/2-1/2

[Event "PRO League Group Stage"]
[Site "chess.com INT"]
[Date "2019.01.16"]
[Round "2"]
[White "Li, Chao b"]
[Black "Brown, Michael William"]
[Result "1/2-1/2"]
[WhiteTitle "GM"]
[BlackTitle "IM"]
[WhiteElo "2699"]
[BlackElo "2524"]
[WhiteTeam "Chengdu Pandas"]
[BlackTeam "San Diego Surfers"]
[WhiteFideId "8604436"]
[BlackFideId "2037602"]
[EventDate "2019.01.08"]

1. Nf3 d5 2. e3 Nf6 3. c4 e6 4. b3 Bd6 5. Bb2 O-O 6. Be2 b6 7. O-O Bb7 8. d3
Nbd7 9. Nbd2 c5 10. a3 Qe7 11. Qc2 Rac8 12. Rac1 Rfd8 13. Qb1 d4 14. exd4 cxd4
15. Nxd4 Bxa3 16. Bxa3 Qxa3 17. b4 a5 18. bxa5 Qxa5 19. Rfd1 Qa8 20. Bf1 Nc5 21.
N2b3 Qb8 22. h3 e5 23. Nf5 Qc7 24. Nxc5 bxc5 25. Qb2 Rd7 26. Re1 Re8 27. Qd2 Be4
28. Ng3 Bg6 29. Qe3 h6 30. Rb1 e4 31. dxe4 Bxe4 32. Nxe4 Rxe4 33. Qc3 Rde7 34.
Red1 Qf4 35. Qa5 R4e5 36. Rb8+ Kh7 37. Qa8 Re1 38. Rbb1 Rxd1 39. Rxd1 Ne4 40.
Qa2 g6 41. Qc2 Ng5 42. Qd2 Qf6 43. Qd6 Qxd6 44. Rxd6 Re1 45. f3 Ne6 46. Kf2 Ra1
47. h4 h5 48. g4 hxg4 49. fxg4 Ra2+ 50. Ke3 Rh2 51. h5 gxh5 52. Bd3+ Kg7 53.
gxh5 Rxh5 54. Be4 Rh3+ 55. Kf2 Rc3 56. Bd5 Nf4 57. Rc6 Nxd5 58. cxd5 c4 59. Ke2
f6 60. d6 Kf7 61. d7 Rd3 62. Rxc4 Rxd7 63. Kf3 1/2-1/2

[Event "PRO League Group Stage"]
[Site "chess.com INT"]
[Date "2019.01.16"]
[Round "2"]
[White "Kiewra, Keaton"]
[Black "Gu, Xiaobing"]
[Result "1-0"]
[WhiteTitle "IM"]
[BlackTitle "WGM"]
[WhiteElo "2362"]
[BlackElo "2326"]
[WhiteTeam "San Diego Surfers"]
[BlackTeam "Chengdu Pandas"]
[WhiteFideId "2019280"]
[BlackFideId "8602611"]
[EventDate "2019.01.08"]

1. d4 Nf6 2. c4 g6 3. Nc3 Bg7 4. e4 d6 5. Nf3 O-O 6. Be2 e5 7. O-O exd4 8. Nxd4
Re8 9. f3 Nc6 10. Be3 Nh5 11. Kh1 f5 12. Qd2 f4 13. Bf2 Nxd4 14. Bxd4 Ng3+ 15.
hxg3 fxg3 16. Kg1 Qh4 17. Rfd1 Qh2+ 18. Kf1 Bh3 19. Qg5 Re5 20. Qe3 Bxg2+ 21.
Ke1 Bh6 22. f4 Rf8 23. Bxe5 dxe5 24. Nd5 c6 25. Ne7+ Kh8 26. Qc5 exf4 27. Rd7 f3
28. Qe5+ Bg7 29. Nxg6+ 1-0

[Event "PRO League Group Stage"]
[Site "chess.com INT"]
[Date "2019.01.16"]
[Round "2"]
[White "Bryant, John Daniel"]
[Black "Chu, Wei Chao"]
[Result "1-0"]
[WhiteTitle "IM"]
[BlackTitle "IM"]
[WhiteElo "2449"]
[BlackElo "2373"]
[WhiteTeam "San Diego Surfers"]
[BlackTeam "Chengdu Pandas"]
[WhiteFideId "2031280"]
[BlackFideId "8605661"]
[EventDate "2019.01.08"]

1. e4 c6 2. Nf3 d5 3. Nc3 dxe4 4. Nxe4 Nf6 5. Nxf6+ exf6 6. g3 Bd6 7. Bg2 Qe7+
8. Qe2 Qxe2+ 9. Kxe2 O-O 10. Re1 Na6 11. a3 Re8+ 12. Kf1 Rxe1+ 13. Kxe1 Bf5 14.
d3 Re8+ 15. Kf1 h5 16. Bd2 Nc7 17. h4 Bg4 18. b4 Ne6 19. a4 a6 20. Rb1 f5 21.
Re1 f4 22. gxf4 Kf8 23. Ng5 Rc8 24. Nxe6+ fxe6 25. c4 Be7 26. Rb1 Bf5 27. Ke2
Bxh4 28. b5 axb5 29. axb5 Rd8 30. Rb3 Bg4+ 31. Ke3 Be7 32. d4 c5 33. Bxb7 Rxd4
34. b6 Bd6 35. Be4 Rxc4 36. b7 Bb8 37. Ra3 Rd4 38. Ra8 Rd8 39. Bc3 g5 40. Be5
gxf4+ 41. Kxf4 1-0

[Event "PRO League Group Stage"]
[Site "chess.com INT"]
[Date "2019.01.17"]
[Round "2"]
[White "Srija, Seshadri"]
[Black "Meshkovs, Nikita"]
[Result "0-1"]
[WhiteTitle "WIM"]
[BlackTitle "GM"]
[WhiteElo "2210"]
[BlackElo "2557"]
[WhiteTeam "Delhi Dynamite"]
[BlackTeam "Estonia Horses"]
[WhiteFideId "5055903"]
[BlackFideId "11602740"]
[EventDate "2019.01.08"]

1. e4 e5 2. Nf3 Nc6 3. Bb5 a6 4. Ba4 Nf6 5. d3 b5 6. Bb3 Bc5 7. Nc3 d6 8. Nd5 h6
9. c3 Rb8 10. h3 O-O 11. g4 Nxd5 12. Bxd5 Ne7 13. Bb3 Be6 14. g5 h5 15. d4 exd4
16. cxd4 Bb4+ 17. Bd2 Bxb3 18. axb3 a5 19. Bxb4 axb4 20. Qd2 Re8 21. O-O Ng6 22.
Rae1 d5 23. e5 Qd7 24. Kh2 Qf5 25. Ng1 Nf4 26. Re3 Ne6 27. f4 Nxg5 28. fxg5 Qxf1
29. Qc2 Qf4+ 30. Rg3 h4 31. Ne2 hxg3+ 32. Kg2 Qf2+ 33. Kh1 Qh2# 0-1

[Event "PRO League Group Stage"]
[Site "chess.com INT"]
[Date "2019.01.17"]
[Round "2"]
[White "Grover, Sahaj"]
[Black "Ehlvest, Jaan"]
[Result "1-0"]
[WhiteTitle "GM"]
[BlackTitle "GM"]
[WhiteElo "2511"]
[BlackElo "2521"]
[WhiteTeam "Delhi Dynamite"]
[BlackTeam "Estonia Horses"]
[WhiteFideId "5021103"]
[BlackFideId "4500016"]
[EventDate "2019.01.08"]

1. e4 g6 2. d4 d6 3. Nf3 Nf6 4. Nc3 Bg7 5. h3 O-O 6. Be2 Nc6 7. O-O e5 8. dxe5
dxe5 9. Qxd8 Rxd8 10. Bg5 Be6 11. Rfd1 h6 12. Be3 Ne8 13. Bb5 Nd4 14. Bxe8 Nxf3+
15. gxf3 Rxe8 16. Nb5 Re7 17. Bxa7 b6 18. a4 c6 19. a5 bxa5 20. Bc5 Rb7 21. Nc3
Rxb2 22. Rd2 Bxh3 23. Na4 Rb5 24. c4 Rb3 25. Be3 Bf8 26. Nb6 Ra6 27. c5 Be6 28.
Rd8 g5 29. Kg2 Kg7 30. Re8 Rb5 31. Na4 Rb4 32. Bd2 Rc4 33. Be3 Ra7 34. Nb2 Rc3
35. Na4 Rc2 36. Rb1 Ra2 37. Rbb8 Be7 38. Rg8+ Kf6 39. Nc3 Rc2 40. Na4 Rc4 41.
Nb6 Rxc5 42. Rh8 Rc2 43. Rxh6+ Kg7 44. Rbh8 Bc5 45. Bxg5 Be7 46. R8h7+ Kg8 47.
Rh8+ Kg7 48. Be3 Rb7 49. R6h7+ Kg6 50. Rh1 Bc5 51. Rg8+ Kf6 52. Bg5# 1-0

[Event "PRO League Group Stage"]
[Site "chess.com INT"]
[Date "2019.01.17"]
[Round "2"]
[White "Ladva, Ottomar"]
[Black "Gupta, Abhijeet"]
[Result "0-1"]
[WhiteTitle "GM"]
[BlackTitle "GM"]
[WhiteElo "2497"]
[BlackElo "2581"]
[WhiteTeam "Estonia Horses"]
[BlackTeam "Delhi Dynamite"]
[WhiteFideId "4500024"]
[BlackFideId "5010608"]
[EventDate "2019.01.08"]

1. d4 Nf6 2. Nf3 g6 3. g3 Bg7 4. Bg2 d5 5. O-O O-O 6. Nbd2 c6 7. b3 Bf5 8. Bb2
Nbd7 9. c4 Ne4 10. e3 a5 11. a3 a4 12. b4 Nxd2 13. Nxd2 Bd3 14. Re1 dxc4 15. Bf1
Bxf1 16. Rxf1 b5 17. Qf3 c5 18. bxc5 Nxc5 19. Bc3 Nb3 20. Rad1 Qd7 21. Ne4 Rac8
22. Bb4 Rfd8 23. Nc3 e6 24. h4 h5 25. Kh2 Rb8 26. Rg1 Qb7 27. Qf4 f5 28. Qg5 Qf7
29. Ne2 Kh7 30. Qf4 Rb7 31. Qf3 Rbd7 32. Nf4 e5 33. Nh3 Qd5 34. Ng5+ Kg8 35. Qe2
exd4 36. exd4 Nxd4 37. Rxd4 Bxd4 38. Re1 c3 39. f4 Rc8 40. Rd1 c2 41. Rc1 Qc4
42. Qe1 Bf6 43. Kh3 Bxg5 44. Rxc2 Qxc2 45. Qe6+ Kh8 46. Qxd7 Bf6 47. Qf7 Qc6 48.
Bf8 Qh1# 0-1

[Event "PRO League Group Stage"]
[Site "chess.com INT"]
[Date "2019.01.17"]
[Round "2"]
[White "Narva, Mai"]
[Black "Harikrishna, Pentala"]
[Result "0-1"]
[WhiteTitle "WIM"]
[BlackTitle "GM"]
[WhiteElo "2347"]
[BlackElo "2730"]
[WhiteTeam "Estonia Horses"]
[BlackTeam "Delhi Dynamite"]
[WhiteFideId "4500512"]
[BlackFideId "5007003"]
[EventDate "2019.01.08"]

1. e4 c5 2. Nf3 e6 3. c3 Nf6 4. e5 Nd5 5. d4 cxd4 6. cxd4 d6 7. Bc4 Be7 8. O-O
O-O 9. Qe2 Nc6 10. Nc3 dxe5 11. dxe5 Nxc3 12. bxc3 b6 13. Bd3 Bb7 14. Qe4 g6 15.
Bh6 Na5 16. Qe3 Bc5 17. Qf4 Bxf3 18. Qxf3 Re8 19. Bb5 Rf8 20. Rad1 Qh4 21. Bxf8
Rxf8 22. Rd7 Nc4 23. Re1 Na3 24. g3 Qh6 25. Ba6 b5 26. Red1 Bb6 27. Re7 Nc4 28.
Qf4 Qg7 29. Bxb5 Nxe5 30. Re8 Rxe8 31. Bxe8 g5 32. Qe4 Qf6 33. Qe2 h5 34. Kg2
Kf8 35. Bb5 Ng4 36. Rd3 Qxf2+ 37. Qxf2 Nxf2 38. Rd7 Ne4 39. c4 Nc5 40. Rd1 Ke7
41. Bc6 g4 42. h3 f5 43. a4 Kf6 44. hxg4 hxg4 45. Rh1 Ke5 46. Rh7 Kd4 47. a5
Bxa5 48. Rxa7 Bb6 49. Re7 Kxc4 50. Bd7 Nxd7 51. Rxd7 Kc5 52. Kf1 Kc6 53. Rd1 Bc5
54. Ke2 Bd6 55. Rc1+ Kd7 56. Kf2 Ke7 57. Ra1 Kf6 58. Ra6 Be5 59. Ra5 Bd4+ 60.
Ke2 e5 61. Ra8 Ke6 62. Rf8 Bc5 63. Rc8 Kd5 64. Kd3 Bf2 65. Rf8 Ke6 66. Re8+ Kf6
67. Rf8+ Kg6 68. Rg8+ Kf7 69. Ra8 Bxg3 70. Ke3 Bf4+ 71. Kf2 e4 72. Ra6 e3+ 73.
Ke2 Bg5 74. Kd3 f4 75. Ra5 Kg6 76. Ra8 f3 77. Rg8+ Kf6 78. Rf8+ Kg7 79. Ra8 e2
80. Ra5 e1=Q 0-1

[Event "PRO League Group Stage"]
[Site "chess.com INT"]
[Date "2019.01.17"]
[Round "2"]
[White "Novikov, Konstantin"]
[Black "Andreikin, Dmitry"]
[Result "0-1"]
[BlackTitle "GM"]
[WhiteElo "2287"]
[BlackElo "2725"]
[WhiteTeam "Moscow Phoenix"]
[BlackTeam "Volga Stormbringers"]
[WhiteFideId "24163554"]
[BlackFideId "4158814"]
[EventDate "2019.01.08"]

1. e4 c5 2. Nf3 e6 3. c3 d5 4. e5 d4 5. Bd3 Bd7 6. Be4 Bc6 7. Qe2 Ne7 8. d3 Bxe4
9. Qxe4 Qd5 10. Qxd5 Nxd5 11. O-O Nc6 12. a3 dxc3 13. Nxc3 O-O-O 14. Ne4 b6 15.
Bg5 Rd7 16. Rac1 h6 17. Bd2 Kb7 18. h4 Be7 19. Rfd1 Rhd8 20. Kf1 Nc7 21. Bf4 Nb5
22. a4 Nbd4 23. Nxd4 Rxd4 24. b3 Nb4 25. Be3 Rxd3 26. Rxd3 Nxd3 27. Rd1 Nxe5 28.
Rxd8 Bxd8 29. f4 Ng4 30. Bd2 Kc6 31. g3 f5 32. Nc3 a6 33. Ke2 b5 34. axb5+ axb5
35. Nd1 Bf6 36. Ba5 Bd4 37. Bd8 Kd5 38. Be7 g6 39. Bf8 h5 40. Be7 c4 41. b4 e5
42. fxe5 Bxe5 43. Kf3 Kd4 44. Bg5 Kd3 45. Be7 c3 46. Bg5 c2 0-1